<?xml version="1.0" encoding="UTF-8"?>
<record
    xmlns:xsi="http://www.w3.org/2001/XMLSchema-instance"
    xsi:schemaLocation="http://www.loc.gov/MARC21/slim http://www.loc.gov/standards/marcxml/schema/MARC21slim.xsd"
    xmlns="http://www.loc.gov/MARC21/slim">

  <leader>00654naa a2200193 i 4500</leader>
  <controlfield tag="001">53897</controlfield>
  <controlfield tag="003">ES-MaACL</controlfield>
  <controlfield tag="005">20250731034204.0</controlfield>
  <controlfield tag="008">210301s2015    sp            000 0 spa</controlfield>
  <datafield tag="040" ind1=" " ind2=" ">
    <subfield code="c">ES-MaACL</subfield>
  </datafield>
  <datafield tag="100" ind1="1" ind2=" ">
    <subfield code="a">Aza&#xF1;a, Manuel,</subfield>
    <subfield code="d">1880-1940</subfield>
    <subfield code="9">24223</subfield>
    <subfield code="e">aut</subfield>
  </datafield>
  <datafield tag="245" ind1="1" ind2="3">
    <subfield code="a">El Ateneo / </subfield>
    <subfield code="c">Manuel Aza&#xF1;a.</subfield>
  </datafield>
  <datafield tag="300" ind1=" " ind2=" ">
    <subfield code="a">15 p. ; </subfield>
    <subfield code="c">20 cm.</subfield>
  </datafield>
  <datafield tag="610" ind1="2" ind2="4">
    <subfield code="a">Ateneo de Madrid-</subfield>
    <subfield code="v">Historia-</subfield>
    <subfield code="v">Relatos personales</subfield>
    <subfield code="9">1926</subfield>
  </datafield>
  <datafield tag="773" ind1="0" ind2=" ">
    <subfield code="t">Gentes de mi tiempo, </subfield>
    <subfield code="z">ISBN 9788415973515,</subfield>
    <subfield code="d">Madrid : Reino de Cordelia, 2015,</subfield>
    <subfield code="g">p. 183-197</subfield>
    <subfield code="0">186156</subfield>
    <subfield code="w">(SpMaBN)186156</subfield>
    <subfield code="9">193208</subfield>
  </datafield>
  <datafield tag="942" ind1=" " ind2=" ">
    <subfield code="c">ANAM</subfield>
    <subfield code="2">udc</subfield>
    <subfield code="n">0</subfield>
  </datafield>
  <datafield tag="999" ind1=" " ind2=" ">
    <subfield code="c">53897</subfield>
    <subfield code="d">53897</subfield>
  </datafield>
</record>
